Morza na literę M - Statystyki

Ogólne statystyki
  • Ten quiz został rozwiązany 54 razy
  • Średni wynik to 3 z 5
Statystyki odpowiedzi
Kontynent/Kontynenty Odpowiedź % Poprawnych
Azja, Europa Marmara
96%
Azja Moluckie
55%
Europa Mirtejskie
49%
Azja Mindanao
47%
Antarktyda Mawsona
33%
Nie znaleziono quizów pasujących do podanych kryteriów
Rozkład punktacji
Procent ludzi z każdym wynikiem
Percentyl według liczby udzielonych odpowiedzi
Twoja historia wyników
Nie rozwiązałeś tego quizu